000 00225nam a2200097Ia 4500
008 190216s9999||||xx |||||||||||||| ||und||
100 _aAkbar Kakkattil
245 0 _aKatharkutty Utharave
260 _bK R Brothers
942 _cBK
999 _c27525
_d27525